Derecho Internacional y derecho de las relaciones entre los ordenamientos jurídicos, Ius Inter Iura

Salvato in:
Dettagli Bibliografici
Autore principale: Boggiano, Antonio (Autore)
Natura: Libro
Lingua:spagnolo
Pubblicazione: Buenos Aires La Ley S.A 1997
Edizione:1a. ed
Soggetti:
Tags: Aggiungi Tag
Nessun Tag, puoi essere il primo ad aggiungerne!!

MARC

LEADER 00000cam a2200000 a 4500
001 UCC9979
003 CL-VaPUC
005 20210728001644.0
008 191129e19970000ag spa d
020 |a 9505271786 
082 0 4 |a 341.01  |b BOG  |2 21 
100 1 |a Boggiano, Antonio  |e author  |9 605290 
245 1 0 |a Derecho Internacional y derecho de las relaciones entre los ordenamientos jurídicos, Ius Inter Iura 
250 |a 1a. ed 
260 |a Buenos Aires  |b La Ley S.A  |c 1997 
300 |a 319 p 
500 |a Incluye apéndice Jurisprudencia de la Corte Suprema 
583 |a last modification  |c 20191129 11:37:00  |k Rodrigo Vera 
650 0 0 |a Derecho internacional  |9 255637 
650 0 0 |a Relaciones Internacionales  |9 255740 
942 |c BK 
945 |a dcastane  |d 20191129 11:37:00 
999 |c 376250  |d 376248 
952 |0 0  |1 0  |3 erd  |4 0  |6 341_010000000000000_BOG_1997  |7 0  |8 A  |9 495591  |a BIBDER  |b BIBDER  |e Precht Pizarro, Jorge Enrique  |i 5610826  |o 341.01 BOG 1997  |p 5610826  |r 2023-01-25  |w 2020-01-06  |y BK  |z Catalogado en:20191129  |k DER